Obec Lednické Rovne

Bibliographic Details
Main Author: Danišová, Anna (Author)
Format: Book
Language:Slovak
PhysicalDescription:140 strán, 16 nečíslovaných strán obrazových príloh farebné fotografie, ilustrácie, mapy 24 cm
Published: [Dohňany-Zbora] Ametyst 2004
ISBN:808903117X
Edition:[1. vyd.]
Subjects:

MARC

LEADER 00000cam a2200000 a 4500
001 vtls001477605
003 SK-MaSNL
005 20260301073925.0
008 240226s2004 xo oab grn 000 0 slo
015 |a SNBA2004/08-04388 
020 |a 808903117X 
035 |a SNK000432905 
035 |a urn:nbn:sk:snk-am3j2tz 
035 |a 1E69A4B7-3F5A-4370-862F-93BDE929EF57 
035 |a urn:nbn:sk:snk-am00gfww 
040 |a SNK  |b slo  |c SNK  |e AACR2 
041 0 |a slo  |b ger 
043 |a e-xo--- 
044 |a xo  |c SK 
072 7 |a 911  |x Všeobecná geografia. Systematická geografia  |2 konspekt 
080 |a 94(437.6)  |2 1997 
080 |a 911.375(091)  |2 2011 
080 |a (048.8)  |2 2011 
080 |a (437.6)  |2 2011 
100 1 |a Danišová, Anna  |4 aut  |9 395753 
245 1 0 |a Obec Lednické Rovne  |c Anna Danišová 
250 |a [1. vyd.] 
260 |a [Dohňany-Zbora]  |b Ametyst  |c 2004 
300 |a 140 strán, 16 nečíslovaných strán obrazových príloh  |b farebné fotografie, ilustrácie, mapy  |c 24 cm 
366 |e 1000 kusov 
500 |a Ilustrácia na frontispice 
500 |a Miesto vydania podľa ISBN 
500 |a Vydal Obecný úrad v Lednických Rovniach 
504 |a Obsahuje bibliografické odkazy ; poznámky 
546 |a Nemecké resumé 
650 0 7 |a dejiny obcí  |2 SNKPH  |9 164834 
651 7 |a Lednické Rovne (Slovensko)  |2 SNKPHgeo  |9 36894 
655 7 |a monografie  |2 SNKPH  |9 70139 
710 1 |a Lednické Rovne (Slovensko).  |b Obecný úrad  |4 pbl  |9 89610 
919 |a 80-89031-17-X 
958 |a NB 
958 |a OND 
999 |c 645605  |d 647535 
952 |t P60, <03>, [BOOK], {603}  |a SNK  |b SNK  |y PREZ  |7 0  |p 17A0435267  |o snkSC 116405  |i snkKSP 8576/2004  |0 0  |1 0  |4 0  |d 2004-06-30  |f 1  |l 0  |r 2025-10-16 00:00:00  |w 2026-02-23 
952 |t snkLED 908.437.6  |a SNKUST  |b SNKUST  |y PREZ  |7 0  |p 17A0435268  |o snkSC 116405 D1   |i snkKSP 8577/2004  |0 0  |1 0  |4 0  |d 2004-06-30  |l 0  |r 2025-05-28 00:00:00  |w 2026-02-23